Historia literaria de España (Record no. 163794)

MARC details
000 -LEADER
campo de control de longitud fija 01141nam a2200217 i 4500
001 - NÚMERO DE CONTROL
campo de control 163794
003 - IDENTIFICADOR DE NÚMERO DE CONTROL
campo de control ES-MaACL
005 - FECHA Y HORA DE LA ÚLTIMA TRANSACCIÓN
campo de control 20251012063058.0
008 - DATOS DE LONGITUD FIJA--INFORMACIÓN GENERAL
campo de control de longitud fija 931025s1766 sp |||| | spa d
040 ## - FUENTE DE CATALOGACIÓN
Centro catalogador/agencia de origen CAM
Lengua de catalogación spa
Centro/agencia transcriptor PAB
100 1# - ENTRADA PRINCIPAL--NOMBRE DE PERSONA
Nombre de persona Rodríguez Mohedano, Pedro,
Fechas asociadas al nombre 1722-1783
9 (RLIN) 131948
245 10 - MENCIÓN DEL TÍTULO
Título Historia literaria de España
Resto del título : desde su primera poblacion hasta nuestros dias : origen, progresos ... de la literatura española ... con las vidas de los hombres sabios ... juicio critico de sus obras ... /
Mención de responsabilidad, etc. por los PP. F. Pedro Rodriguez Mohedano y F. Raphael Rodriguez Mohedano ... del Orden Tercero Regular de N.S.P. San Francisco ... ; [Tomo I].
260 ## - PUBLICACIÓN, DISTRIBUCIÓN, ETC.
Lugar de publicación, distribución, etc. En Madrid :
Nombre del editor, distribuidor, etc. En la Imprenta de Antonio Perez de Soto,
Fecha de publicación, distribución, etc. 1766.
300 ## - DESCRIPCIÓN FÍSICA
Extensión [16], CXII, 427, [29] p. ;
Dimensiones 4º.
594 ## - Nota al título y mención de responsabilidad
Nota al título y mención de responsabilidad "Tomo I" tomado de antep.
597 ## - NOTA DE DESCRIPCIÓN FÍSICA
NOTA DE DESCRIPCIÓN FÍSICA Sign.: [ ]4, 2¶4, a-o4, A-Z4, 2A-2Z4, 3A-3L4.
650 #4 - PUNTO DE ACCESO ADICIONAL DE MATERIA--TÉRMINO DE MATERIA
Término de materia o nombre geográfico como elemento de entrada Literatura española-
Subdivisión general Historia y crítica
9 (RLIN) 14560
700 1# - ENTRADA AGREGADA--NOMBRE PERSONAL
Nombre de persona Rodríguez Mohedano, Rafael,
Fechas asociadas al nombre 1725-1783
9 (RLIN) 131949
852 ## - LOCALIZACIÓN
Ubicación ES-MaACL
Número de control de estantería R-259
Nota libre -- Enc. pasta
condición física -- Falto de antep.
Encuadernación Olim: C-3337
Holdings
Estatus retirado Estado de pérdida Estado de daño No para préstamo Colección Biblioteca de origen Biblioteca actual Ubicación en estantería Fecha de adquisición Fuente de adquisición Total de préstamos Signatura topográfica completa Código de barras Visto por última vez Precio de reemplazo Tipo de ítem Koha
        Libros del s. XVIII Biblioteca del Ateneo de Madrid Biblioteca del Ateneo de Madrid Depósito 17/01/2008     R-259 1171654 23/02/2023 23/02/2023 Libro impreso antiguo